Statistiken für Geboren in Bottrop

Klicken Sie hier um das Quiz zu spielen!

Allgemein

  • Dieses Quiz wurde 9 mal gespielt
  • Das Durchschnittsergebnis liegt bei 2 aus 6

Antwortstatistiken

HinweisAntwort% Korrekt
Fußballspieler, Borussia Dortmund1998Felix Passlack
78%
Fernsehmoderator und Sportkommentator für Sky und RTL, früherer Basketballspieler1964Frank Buschmann
67%
Schauspieler, "Dark" "Inglorious Basterds" "Im Westen nichts Neues"1975Sebastian Hülk
11%
Kinderbuchautor, bekannt wurden seine Bücher über Hexe Lilli1952Knister
0%
Trainer des TUSEM Essen und früherer Handballnationalspieler1977Michael Hegemann
0%
CDU-Politiker und von 1991 bis 1993 Ministerpräsident von Sachsen-Anhalt1940Werner Münch
0%

Verteilung der Resultate

Perzentil nach korrekt beantworteten Fragen

Anzahl Personen mit jedem Resultat

Ihre Resultats-Entwicklung

Sie haben dieses Quiz noch nicht gespielt